| 000 | 01718cam a22004337a 4500 | ||
|---|---|---|---|
| 003 | CHAP | ||
| 005 | 20220817042136.0 | ||
| 008 | 971013s1980 mx a r 00010 spa d | ||
| 010 | _a35943 | ||
| 011 | _a36915 | ||
| 035 | _a41034 | ||
| 040 | _cCHAP | ||
| 082 | 0 | 4 |
_a338.972 _bM44 |
| 110 | 2 |
_aMéxico. Coordinación General de los Servicios Nacionales de Estadística, Geografía e Informática _976893 |
|
| 245 | 1 | 4 | _aLas actividades económicas en México |
| 260 |
_aMéxico, D.F. : _bLa Coordinación, _c1980 |
||
| 300 |
_a437 p. _bgráfs., mapa |
||
| 490 | 0 |
_aManuales de información básica de la nación _v; 3 |
|
| 590 |
_aBATCH-UPD _b10 _c20130110 _lUCH01 _h0244 |
||
| 590 |
_aBATCH-UPD _b10 _c20130110 _lUCH01 _h1134 |
||
| 590 |
_aBATCH-UPD _b10 _c20130409 _lUCH01 _h2313 |
||
| 590 |
_aBATCH-UPD _b10 _c20130410 _lUCH01 _h1318 |
||
| 590 |
_aBATCH-UPD _b10 _c20130914 _lUCH01 _h0040 |
||
| 590 |
_aBATCH-UPD _b10 _c20130914 _lUCH01 _h1744 |
||
| 590 |
_aCONVERSION _b10 _c20130109 _lUCH01 _h1320 |
||
| 650 | 1 | 4 |
_aAgricultura _xEstadisticas _zMexico. |
| 650 | 1 | 4 |
_aAgricultura _zMéxico. _91932 |
| 650 | 1 | 4 |
_aBosques _xEstadísticas _xMéxico. _914149 |
| 650 | 1 | 4 |
_aGanadería _xEstadísticas _zMéxico. _944716 |
| 650 | 1 | 4 |
_aIndustria _xEstadísticas. _957704 |
| 650 | 1 | 4 |
_aMéxico _xCondiciones económicas. |
| 830 | 0 |
_aManuales de información básica de la nación _v; 3 _970667 |
|
| 901 | _aBK | ||
| 942 | _cLIBRO | ||
| 949 |
_a338.972 M44 _bBC _cC _d33724000552766 _eC _h54798 _i41034 _mD _si |
||
| 949 |
_a338.972 M44 _bBC _cC _d33724000552865 _eC _fc.4 _h61583 _i41034 _mD _si |
||
| 949 |
_a338.972 M44 _bBC _cC _d33724000552964 _eC _fc.2 _h54799 _i41034 _si |
||
| 949 |
_a338.972 M44 _bBC _cC _d33724002063074 _eC _fc.3 _h57105 _i41034 _mD _si |
||
| 999 |
_c35943 _d35943 |
||